000 00285nam a22001337a 4500
008 171023b xxu||||| |||| 00| 0 eng d
020 _a9780071622097
041 _aeng
080 _a338
100 _a54
101 _aMEN
245 _aMAKE WORK GREAT
_cMUZIO.E
942 _2udc
_cBK
999 _c35338
_d35338